Cuộc lữ hành kỳ diệu của Nilx Hôlyerxôn vòng quanh nước Thuỵ Điển

Kaydedildi:
Detaylı Bibliyografya
Yazar: Layerlơp, Xelma
Materyal Türü: Kitap
Etiketler: Etiketle
Etiket eklenmemiş, İlk siz ekleyin!
Thư viện lưu trữ: Mạng thư viện Đại học Đà Nẵng
LEADER 00798nam a2200229 4500
001 000004894
003 1036
005 20150812140802.0
008 110805s sd
082 1 |a 839.7  |b LAY 
100 0 |a Layerlơp, Xelma 
245 0 0 |a Cuộc lữ hành kỳ diệu của Nilx Hôlyerxôn vòng quanh nước Thuỵ Điển  |c Layerlơp, Xelma 
774 |a Layerlơp, Xelma  |b Tái bản  |d H.  |d Nxb. Hội Nhà văn  |d 2003  |g Tập 1  |h 302tr : hình vẽ  |w 1040 
774 |a Layerlơp, Xelma  |b Tái bản  |d H.  |d Nxb. Hội Nhà văn  |d 2003  |g Tập 2  |h 302tr : hình vẽ  |w 1041 
OWN |a LSP 
999 |a From the UDN01 
TYP |a Monograph 
TYP |a Printed language 
980 |a Mạng thư viện Đại học Đà Nẵng